| 000 | 00634nam a22002177a 4500 | ||
|---|---|---|---|
| 999 |
_c5994 _d5994 |
||
| 005 | 20260114082119.0 | ||
| 008 | 260114b ||||| |||| 00| 0 eng d | ||
| 020 | _a9780141371399 | ||
| 040 | _cKH8 | ||
| 082 | _a823.914 DAH | ||
| 100 |
_aDAHL,ROALD _eAUTHOR |
||
| 245 | _aESIO TROT | ||
| 260 |
_aGreat Britain _bPuffin Books _c1991 |
||
| 300 |
_a51 pages _bb illustration _c19 cm x 13 cm |
||
| 520 | _a'I do actually know how to make tortoises grow faster,if that's really what you want.' | ||
| 650 | _aJuvenile Literature | ||
| 655 | _aAnimals | ||
| 655 | _aHumour | ||
| 700 |
_aBlake,Quentin _eillustrator |
||
| 942 |
_2ddc _cFIC |
||